MDQL
is popping MORE tags! Check the
thread
!
Quizzes
Events
Quiz Creation
Community
Videos
Private Events
Remove Ads
Sign In
Join for FREE
Feedback
Dark Mode
Quiz Categories
Sports
Geography
Music
Movies
Television
Just For Fun
Miscellaneous
History
Literature
Language
Science
Gaming
Entertainment
Religion
Holiday
For Kids
Quiz Lab
Recent
Popular Today
Quiz Kudos Today
Editor Picks
Curator Picks
Quizzes by...
Day
Popularity
Type
Ratings
Length
Year
Community
Subscriptions
Recent Discussions
Orange Saloon
Badges
Playlists
Quests
Create
Leaderboards
Showdown
Live 5
Trivia Bingo
Activity
Puzzle Library
Sporcle Events
Private Events
Virtual Trivia
Globe League
Become a Host
Pub Owners
SporcleCon
Opinionation
Our Games
Videos
Blog
Mobile Apps
Partnerships
Remove Ads and Go Orange
Feedback
Gaming
Video Games
Board Games
Card Games
Pokémon
Mario
Nintendo
Minecraft
Console
Toys
Legend of Zelda
Gaming
Video Games
Board Games
Card Games
Pokémon
Mario
Nintendo
Minecraft
Console
Toys
Legend of Zelda
Random Quiz
Search Sporcle
×
Quiz Lab
Quiz Lab
Gaming
Super Smash Bros
Type in answers that appear in a list
Type in answers that appear in a list
Classic
Best Score? Go Orange.
SSB Spirits: Xenoblade Universe Stats
Can you name the Spirits from the Xenoblade universe?
By
DarthJinyu95
5m
23 Questions
288 Plays
288 Plays
288 Plays
Comments
Comments
Give Quiz Kudos
Give Quiz Kudos
-
- Ratings
hide this ad
Replay
Link that replays current quiz
Next Quiz
Link to next quiz in quiz playlist
You Got
0%
They Got
Avg Score
77%
Avg Friend Score
Upgrade to see
Score Distribution
Jump to the score distribution portion of the page
Score
0/23
Timer
05:00
0
Plays Today
Sticker #
Spirit Name
% Correct
951
Shulk
98.3%
958
Riki
96.9%
956
Dunban
96.4%
952
Fiora
95.8%
966
Rex
93.4%
967
Pyra
93.4%
968
Mythra
92%
954
Reyn
91%
957
Melia
89.2%
955
Sharla
88.9%
960
Metal Face
87.5%
969
Nia
83%
Sticker #
Spirit Name
% Correct
953
Mecha-Fiora
81.9%
959
Mumkhar
79.9%
970
Tora
77.8%
973
Zeke
76.7%
972
Mòrag
73.3%
971
Poppi α
73.1%
961
Elma
66.7%
962
Lin
51.7%
963
Lao
44.8%
964
Tatsu
42.7%
965
Formula
24%
Quiz Playlist
Details
Report
Send in Message
Add To Playlist
Classic:
Type in answers that appear in a list
Last Updated: May 31, 2019
Quiz Scoreboard
CHALLENGE
Sign Up to Join the Scoreboard
Show All
Scores
Hide
Comments
May contain spoilers
Recently Published
Street Fighter Characters
by Artimus82
Gaming
60s
9x9 Crossword: Cartoon Network
by jackfrog10
Miscellaneous
3m
College Basketball Coaching Resumes
by pancakes188
Sports
9m
More to Explore
Quiz From the Vault
Featured Blog Post
Where Did the Easter Bunny Come From?
hide this ad
You Might Also Like...
Tags
Super Smash Bros
Today's Top Quizzes in Gaming
Browse Gaming
hide this ad
Today's Top Quizzes in Super Smash Bros
Browse Super Smash Bros
Top Contributed Quizzes in Gaming
1
5-to-1: Consoles
2
7-to-1: Board Game Piece Blitz
3
5-to-1: Legend of Zelda
4
League of Legends Pro Players by Career/Team History
5
Destiny 2 exotic weapons by perk icons
6
Ultimate Genshin Impact Logic Puzzle (up to 4.3)
7
Franchise by Action Figure
8
Who's on the WWE 2K24 Cover?
9
Genshin Impact Logic Puzzle Quiz
10
Order the Pokémon Regions
Explore More
Trending Topics
Disney
Harry Potter
Anime
Kpop
Crossword
Marvel
NBA
Soccer
NFL
Pokémon
Song
Country
WWE
Puzzle
The Office
hide this ad
More By:
DarthJinyu95
Quiz
Plays
Rating
Category
Featured
Created
Pokémon: All Mega Evolutions
2,874
5.00
Gaming
Apr 1, 2019
MK Roster: MK11
701
4.00
Gaming
Jul 1, 2019
Pokémon Containing 'L' (Gen I)
655
4.80
Gaming
Feb 5, 2019
Breath of the Wild: All Weapons & Shields
651
4.75
Gaming
Nov 2, 2018
Pokémon Containing 'X' (Gen I)
542
5.00
Gaming
Apr 1, 2019
Go to Creator's Profile
Score Distribution
Quiz Creator Spotlight
DarthJinyu95
Follow
Send a Message
Quizzes Created
-
Created Quiz Play Count
-
More By This Creator
Popular Quizzes Today
1
Find the US States - No Outlines Minefield
2
Find the Countries of Europe - No Outlines Minefield
3
The Countries of the World
4
Find the US States
5
Risky Map Clicking: Biggest States A-Z
6
US States
7
Popular People in 1961
8
Movies - When Are They Set?
More Gaming Quizzes
Super Smash Bros. Characters
Quiz Lab
Trending Quizzes
Risky Map Clicking: Least Populous States A-Z
Countries of the World: 200 Million BC
Billboard Blitz: Aretha Franklin
1-10 Letter G Words
Famous Russians: Author or Composer?
Recently Updated
Leaping Animals
pecheneg
Reality TV Shows (A-Z)
bhenderson79
Rickey Henderson's Hall of Fame Teammates
pecheneg
Champions League XIs: Arsenal
pecheneg
Quick Pick: Celebrities in WWE's Hall of Fame
aduchscher
A-Z Keypad Blitz II
pecheneg
Multiple Oscar Actors
pecheneg
Mystery Phrase Blitz: Oscar 'Best Actors'
pecheneg
F. Scott Fitzgerald Novels
LTH
Pick 3 Villains
ddd62291
Trending Topics
Marvel
Disney
NBA
Kpop
Harry Potter
Anime
Crossword
Country
Pokémon
The Office
NFL
Puzzle
Song
WWE
Soccer
Your Account Isn't Verified!
In order to create a playlist on Sporcle, you need to verify the email address you used during registration. Go to your
Sporcle Settings
to finish the process.
Report this User
Report this user for behavior that violates our
Community Guidelines
.
Details:
Send Report
Go to the Sporcle.com Mobile Site →
Comments